LEADER 01081nam a2200277 a 4500 001 000000134341 003 CaOOAMICUS 005 20130612103648.0 008 130612s1998 it u000 u ita r 020 $a88-317-7080-2 040 $aPUL$bita 100 1 $aPolacco, Fabrizio.$0(OLS)http://pul/name/86549 245 13$aLa cultura a picco :$bil nuovo e l'antico nella scuola /$cFabrizio Polacco. 260 $aVenezia :$bMarsilio,$c©1998. 300 $a139 p. ;$c21 cm. 490 1 $aI Grilli Marsilio 650 4$aScuola$zItalia.$0(OLS)http://pul/subject/9153 830 2$aI Grilli Marsilio.$0(OLS)http://pul/title/15426 850 $aPUL 852 $aPUL$W1$xDP1 Fondo E. Rossi$y115$m1 P 33$j154462$qFondi$B154012$CPULBib$Z2$F154012 $82 941 1 $a1 961 $aSul dorso collocazione ms. di E. Rossi: P 14 0 996 $6020$a88-317-7080-2$9(OLS)http://pul/number/153031 996 $6245$aLa cultura a picco :$bil nuovo e l'antico nella scuola$9(OLS)http://pul/title/169877 996 $6260$aVenezia :$bMarsilio$9(OLS)http://pul/publisher/52932 LEADER 01828nam a2200397 a 4500 001 000000151207 003 CaOOAMICUS 005 20240617134203.0 008 160411s2016 it af u000 u ita r 020 $a978-88-16-41310-8* 032 $aLibriCat 040 $aPUL$bita 041 1 $aita$hfre 082 04$a111 100 1 $aDerrida, Jacques,$d1930-2004.$0(OLS)http://pul/name/26755 240 10$aPenser à ne pas voir.$lItaliano.$0(OLS)http://pul/title/190426 245 10$aPensare al non vedere : $bscritti sulle arti del visibile 1979-2004 /$cJacques Derrida ; edizione stabilita da Ginette Michaud, Joana Masò e Javier Bassas ; edizione italiana a cura di Alfonso Cariolato. 260 $aMilano :$bJaca Book,$c©2016. 300 $a395 p., [4] c. di tav. :$bill. ;$c23 cm. 490 1 $aFilosofia 504 $aBibliografia in nota. 600 14$aDerrida, Jacques,$d1930-2004.$0(OLS)http://pul/subject/17274 650 04$aEstetica.$0(OLS)http://pul/subject/224 700 1 $aMichaud, Ginette,$d1955-$0(OLS)http://pul/name/72376 700 1 $aMasò, Joana.$0(OLS)http://pul/name/96227 700 1 $aBassas, Javier.$0(OLS)http://pul/name/96228 700 1 $aCariolato, Alfonso.$0(OLS)http://pul/name/96229 830 0$aFilosofia (Jaca Book).$0(OLS)http://pul/title/174769 850 $aPUL 852 $aPUL$W1$xSL Filosofia 3$y81$m111 DERJA 1$j173657$qDDC 21$B176009$CPULBib$Z2$F176009 $H127579 $81 941 1 $a9 996 $6020$a978-88-16-41310-8*$9(OLS)http://pul/number/160246 996 $6082$a111$9(OLS)http://pul/classification/142 996 $6245$aPensare al non vedere : $bscritti sulle arti del visibile 1979-2004$9(OLS)http://pul/title/190427 996 $6260$aMilano :$bJaca Book$9(OLS)http://pul/publisher/47900